Score 0/24 Timer 03:00
0 Plays Today
Clue 4-Letter Word % Correct
A sphere that is used to play sports-BALL-
98.5%
Valentine's flowerROSE
96.7%
Transfer the ball from one player to another-PASS-
96%
Something you score on in soccer or hockey-GOAL-
95.6%
Number of quarters in a game-FOUR-
95.3%
Cat known for wearing boots?PUSS
94.6%
An action that is illegal in sports-FOUL-
93.9%
A ditch filled with water surrounding a castle MOAT
93.8%
Part of the body one kicks with-FOOT-
93.4%
Empty a liquid out of a pitcherPOUR
93.3%
A tall post on a ship carrying a sailMAST
93%
Nearly all of somethingMOST
92.8%
Clue 4-Letter Word % Correct
Animal which gives cashmereGOAT
92.6%
Maker of high-end speakersBOSE
92.5%
A large body of matterMASS
92%
A young horseFOAL
91.9%
The corner of a sports diamond-BASE-
91.6%
Famous Welsh soccer player GarethBALE
91.2%
Made a sad facePOUT
89.1%
Courrier or Times New Roman, e.g.FONT
87.4%
TrickRUSE
85.5%
Former US Senator Feingold of WisconsinRUSS
84.8%
The ___ Neuf: the oldest bridge in ParisPONT
83.3%
Award given to the leading EPL scorer: Golden ___-BOOT-
79.4%

Today's Daily Dose

Remove Ads.
Support Sporcle.
Get the best of Sporcle when you Go Orange. This ad-free experience offers more features, more stats, and more fun while also helping to support Sporcle. Thank you for becoming a member.

You're not logged in!

Compare scores with friends on all Sporcle quizzes.
OR
Log In

Show Comments

Extras

Top Quizzes Today


Score Distribution

Your Account Isn't Verified!

In order to create a playlist on Sporcle, you need to verify the email address you used during registration. Go to your Sporcle Settings to finish the process.

Report this User

Report this user for behavior that violates our Community Guidelines.

Details: